| 000 | 00493nam a2200169 i 4500 | ||
|---|---|---|---|
| 001 | 72350 | ||
| 003 | ES-MaACL | ||
| 005 | 20230906171419.0 | ||
| 007 | t| | ||
| 008 | 040831s1962 sp ||||1| spa d | ||
| 100 | 1 |
_aGiordani, Igino. _957158 |
|
| 245 | 1 | 3 |
_aEl mensaje social de Jesús / _cIgino Giordani ; [traducción de Luis Horno Liria]. |
| 260 |
_aMadrid : _bRialp, _c1962. |
||
| 300 |
_a551 p. ; _c18 cm. |
||
| 700 | 1 |
_aHorno Liria, Luis. _964232 |
|
| 852 |
_aES-MaACL _jC-20890 _bR.49423 |
||
| 999 |
_c72350 _d72350 |
||